1993 Ranfurly Shield Rugby - Waikato vs Auckland - Statistics

General Stats
  • This quiz has been taken 67 times
  • The average score is 19 of 30
Answer Stats
Hint Answer % Correct
2 Warren Gatland
92%
10 Ian Foster
90%
8 Zinzan Brooke
90%
4 Robin Brooke
88%
2 Sean Fitzpatrick
88%
7 Duane Monkley
86%
10 Grant Fox
86%
8 John Mitchell
86%
3 Olo Brown
83%
3 Graham Purvis
78%
14 John Kirwan
76%
7 Michael Jones
76%
1 Craig Dowd
75%
13 Eroni Clarke
69%
13 Matthew Cooper
69%
15 Todd Miller
61%
5 Brent Anderson
58%
11 Va'aiga Tuigamala
58%
4 Steve Gordon
56%
9 Ofisa Tonu'u
54%
11 Wayne Warlow
51%
15 Shane Howarth
49%
9 Simon Crabb
49%
6 Richard Jerram
46%
12 Rhys Ellison
44%
5 Richard Fromont
44%
1 Craig Stevenson
41%
14 Doug Wilson
29%
12 Waisake Sotutu
29%
6 Willie Lose
14%
No matching quizzes found
Score Distribution
Percent of People with Each Score
Percentile by Number Answered
Your Score History
You have not taken this quiz